000 00679nam a22002177a 4500
008 150601b xxu||||| |||| 00| 0 eng d
020 _a9780071753944
041 0 _aeng
080 _a658 ODE
100 _aStevenson, Jane,
_d1962-
245 1 0 _aBreaking away :
_cJane Stevenson, Bilal Kaafarani.
260 _aNew York :
_bMcGraw-Hill,
_cc2011.
300 _a234 f
_bme il
_c24 cm.
500 _aindex
500 _abibliografia
650 _aCreative ability in business.
650 _aNew products.
650 _aLeadership.
700 _aKaafarani, Bilal.
942 _2udc
_cBK
999 _c959
_d959